U.S. Presidents During The Cold War - Statistics

General Stats
  • This quiz has been taken 191 times
  • The average score is 8 of 9
Answer Stats
Answer Term % Correct
Harry S. Truman 1945 - 1953
94%
John F. Kennedy 1961 - 1963
93%
Dwight D. Eisenhower 1953 - 1961
88%
Richard Nixon 1969 - 1974
85%
George H. W. Bush 1989 - 1993
84%
Lyndon B. Johnson 1963 - 1969
84%
Ronald Reagan 1981 - 1989
84%
Gerald Ford 1974 -1977
78%
Jimmy Carter 1977 - 1981
78%
No matching quizzes found
Score Distribution
Percent of People with Each Score
Percentile by Number Answered
Your Score History
You have not taken this quiz